Sailāb o girdāb : (Record no. 56187)

MARC details
000 -LEADER
fixed length control field 00547cam a22001814a 4500
001 - CONTROL NUMBER
control field sa 64000392
003 - CONTROL NUMBER IDENTIFIER
control field DLC
005 - DATE AND TIME OF LATEST TRANSACTION
control field 20260227111955.0
008 - FIXED-LENGTH DATA ELEMENTS--GENERAL INFORMATION
fixed length control field 950531s1961 ii 000 1 urdo
010 ## - LIBRARY OF CONGRESS CONTROL NUMBER
LC control number sa 64000392
040 ## - CATALOGING SOURCE
Original cataloging agency DLC
Transcribing agency DLC
050 00 - LIBRARY OF CONGRESS CALL NUMBER
Classification number PK2199.N198
Item number S25 1961
100 1# - MAIN ENTRY--PERSONAL NAME
Personal name Nadīm Qāsimī, Aḥmad,
Dates associated with a name 1916-2006.
245 10 - TITLE STATEMENT
Title Sailāb o girdāb :
Remainder of title do majmūʻon̲ ke muntak̲h̲ab afsāne /
Statement of responsibility, etc. Aḥmad Nadīm Qāsimī.
260 ## - PUBLICATION, DISTRIBUTION, ETC.
Place of publication, distribution, etc. Lāhaur :
Name of publisher, distributor, etc. Muktabah-yi Kārvān̲,
Date of publication, distribution, etc. [1961]
300 ## - PHYSICAL DESCRIPTION
Extent 228 p. ;
Dimensions 19 cm.
546 ## - LANGUAGE NOTE
Language note In Urdu.

No items available.

Powered by Koha